Hatékonyság elemzése a hulladékszállítás területén a MOHU BUDAPEST Zrt.-nél
| Szerző: | |
|---|---|
| További közreműködők: | |
| Dokumentumtípus: | Diplomadolgozat |
| Kulcsszavak: | bérköltségek eredménykimutatás hatékonyság elemzése hulladékgyűjtés tárgyi eszközök |
| Online Access: | http://dolgozattar.uni-bge.hu/60330 |
MARC
| LEADER | 00000nta a2200000 i 4500 | ||
|---|---|---|---|
| 001 | dolg60330 | ||
| 005 | 20260409150438.0 | ||
| 008 | 260409suuuu hu om 000 hun d | ||
| 040 | |a BGE Dolgozattár Repozitórium |b hun | ||
| 041 | |a hu | ||
| 100 | 1 | |a Balogh Réka | |
| 245 | 1 | 0 | |a Hatékonyság elemzése a hulladékszállítás területén a MOHU BUDAPEST Zrt.-nél |c Balogh Réka |h [elektronikus dokumentum] |
| 520 | 3 | |a Szakdolgozatomban a települési vegyes hulladékgyűjtésének és -szállításának komplex kérdéskörét vizsgálom, különös tekintettel a jelenkor – elsősorban a 21. század – hulladékgazdálkodási kihívásaira. A dolgozat elméleti megalapozásaként bemutatom a témához szorosan kapcsolódó alapvető fogalmakat és szakirodalmi megközelítéseket. Ennek keretében először a közgazdasági, számviteli és kontrolling alapfogalminak tisztázására kerül sor, majd a hulladék keletkezésével, kezelésével, gyűjtésével és szállításával összefüggő relevánsabb fogalmak következnek. A szakirodalmi áttekintés célja, hogy stabil elméleti hátteret biztosítson az empirikus vizsgálat elvégzéséhez. Az elméleti keretek ismertetését követően részletezem a kutatás módszertani felépítését. Bemutatom az alkalmazott vizsgálati eszközöket, az adatgyűjtés és -feldolgozás módját, valamint indoklást adok a választott módszertan relevanciájára és alkalmazhatóságára. A módszertani rész után kerül sor a vizsgált vállalkozás részletes bemutatására. Ismertetem a vállalkozás tevékenységi körét, működési sajátosságait és hulladékgazdálkodási gyakorlatát, mivel ezek képezik a hatékonysági vizsgálat alapját. A dolgozat empirikus részében a kutatás központi céljához kapcsolódva a vállalkozás vegyes hulladékgyűjtési és -szállítási tevékenységének hatékonyságát elemzem. A vizsgálat során külön figyelmet fordítok a működési mutatók értékelésére, a folyamatok optimalizálási lehetőségeire, valamint azokra a tényezőkre, amelyek a szervezet teljesítményét befolyásolják. Elemzésem záró fejezetében bemutatok egy olyan innovatív technológiát, ami lehetővé teszi a hulladékgyűjtés és -szállítás még hatékonyabbá tételét. | |
| 695 | |a bérköltségek | ||
| 695 | |a eredménykimutatás | ||
| 695 | |a hatékonyság elemzése | ||
| 695 | |a hulladékgyűjtés | ||
| 695 | |a tárgyi eszközök | ||
| 700 | 1 | |a Kresalek Péter |e ths | |
| 856 | 4 | 0 | |u http://dolgozattar.uni-bge.hu/60330/1/R%C3%A9tfalvi-Balogh%20R%C3%A9ka_KN6NB0.pdf |z Dokumentum-elérés |
| 856 | 4 | 0 | |u http://dolgozattar.uni-bge.hu/60330/2/R%C3%A9tfalvi-Balogh%20R%C3%A9ka-%20k%C3%A9relem%2C%20nyil.pdf |z Dokumentum-elérés |
| 856 | 4 | 0 | |u http://dolgozattar.uni-bge.hu/60330/3/R%C3%A9tfalvi-Balogh%20R%C3%A9ka.pdf |z Dokumentum-elérés |